000 00535nam a22001937a 4500
003 MPLRDC
005 20220104191801.0
008 210129b ||||| |||| 00| 0 eng d
020 _a978-957-13-5548-1
082 _a782.886 BCX-2 v.2
100 _a白先勇 编著
245 _a父亲与民国 (下)
_c
250 _a初版
260 _a台湾
_b时报文化出版企业股份有限公司
_c2012
300 _b
490 _a历史与现场:207
650 _a中国人物传记--白崇禧
942 _cBK
_o782.886 BCX-2 v.2
999 _c64407
_d64397